Southville International School and Colleges
Your cart is empty.
  • Cart
  • Lists
    Public lists Eva Luna New books Lux_list list_1
    Your lists Log in to create your own lists
  • Log in to your account
  • Your cookies
  • Search history
Southville International School and Colleges
  • Advanced search
  • Recent comments
  • Most popular
  • Libraries

Log in to your account

Log in with GOOGLE


If you do not have an external account, but do have a local account, you can still log in:

  1. Home
  2. MARC view: Finger acupressure /
Normal view MARC view ISBD view

Finger acupressure / (Record no. 10442)

[ view plain ]
MARC details
000 -LEADER
fixed length control field 00476nam a22001817a 4500
003 - CONTROL NUMBER IDENTIFIER
control field OSt
005 - DATE AND TIME OF LATEST TRANSACTION
control field 20140310182210.0
008 - FIXED-LENGTH DATA ELEMENTS--GENERAL INFORMATION
fixed length control field 130906t xxu||||| |||| 00| 0 eng d
020 ## - INTERNATIONAL STANDARD BOOK NUMBER
International Standard Book Number 9719142146
050 ## - LIBRARY OF CONGRESS CALL NUMBER
Classification number RM 184
Item number .F497 1973
082 ## - DEWEY DECIMAL CLASSIFICATION NUMBER
Classification number HS 615.8
Item number F49 1973
245 ## - TITLE STATEMENT
Title Finger acupressure /
260 ## - PUBLICATION, DISTRIBUTION, ETC. (IMPRINT)
Place of publication, distribution, etc HongKong :
Name of publisher, distributor, etc An Fai Medical College,
Date of publication, distribution, etc c1973.
300 ## - PHYSICAL DESCRIPTION
Extent 53 p. :
Other physical details ill. ;
Dimensions 18 cm.
650 ## - SUBJECT ADDED ENTRY--TOPICAL TERM
Topical term or geographic name as entry element Accupressure.
9 (RLIN) 16713
942 ## - ADDED ENTRY ELEMENTS (KOHA)
Source of classification or shelving scheme Library of Congress Classification
Koha item type
Holdings
Withdrawn status Lost status Source of classification or shelving scheme Damaged status Home library Current library Shelving location Date acquired Total Checkouts Full call number Barcode Date last seen Copy number Price effective from Koha item type
    Library of Congress Classification   Luxembourg Library Luxembourg Library High School Section 09/06/2013   RM 184 .F497 1973 4923 09/06/2013 1 09/06/2013 Books

Finger acupressure /

APA

(1973). Finger acupressure. HongKong: An Fai Medical College.

Chicago

1973. Finger acupressure. HongKong: An Fai Medical College.

Harvard

(1973). Finger acupressure. HongKong: An Fai Medical College.

MLA

Finger acupressure. HongKong: An Fai Medical College. 1973.

  • Place hold
  • Print
  • Cite
  • Add to your cart (remove)
  • Save record
    BIBTEX Dublin Core MARCXML MARC (non-Unicode/MARC-8) MARC (Unicode/UTF-8) MARC (Unicode/UTF-8, Standard) MODS (XML) RIS
  • More searches
    Search for this title in:
    Other Libraries (WorldCat) Other Databases (Google Scholar) Online Stores (Bookfinder.com) Open Library (openlibrary.org)

Exporting to Dublin Core...

SOUTHVILLE LIBRARY

Southville International School and Colleges Library

1281 Tropical Ave. Cor. Luxembourg St., BF Homes International, Las Pinas City

Tel. No. 8256374 / 252358 Loc. 117/146

Powered by Koha